Italien - Participes passés irréguliers (aléatoire) - Statistiques

Statistiques générales
  • Ce quiz a été pris 85 fois
  • Le résultat moyen est 12 sur 20
Statistiques - réponses
Verbe Participe Passé % Correct
Conoscere Conosciuto
100%
Dire Detto
100%
Leggere Letto
100%
Mettere Messo
100%
Fare Fatto
92%
Essere Stato
90%
Vincere Vinto
90%
Nascere Nato
88%
Aprire Aperto
85%
Chiudere Chiuso
83%
Discutere Discusso
83%
Vedere Visto
83%
Accendere Acceso
82%
Permettere Permesso
82%
Chiedere Chiesto
80%
Decidere Deciso
80%
Spendere Speso
78%
Perdere Perso
75%
Rimanere Rimasto
75%
Venire Venuto
75%
Morire Morto
73%
Promettere Promesso
73%
Scrivere Scritto
73%
Dividere Diviso
71%
Offrire Offerto
71%
Vivere Vissuto
71%
Dipendere Dipeso
69%
Deludere Deluso
67%
Difendere Difeso
67%
Correre Corso
63%
Rispondere Risposto
63%
Rompere Rotto
63%
Soffrire Sofferto
63%
Appendere Appeso
60%
Succedere Successo
60%
Proporre Proposto
57%
Offendere Offeso
55%
Piacere Piaciuto
55%
Esprimere Espresso
54%
Uccidere Ucciso
53%
Ammettere Ammesso
50%
Correggere Corretto
50%
Crescere Cresciuto
50%
Prendere Preso
50%
Ridere Riso
50%
Scegliere Scelto
50%
Scendere Sceso
50%
Spingere Spinto
50%
Trarre Tratto
50%
Concedere Concesso
47%
Esplodere Esploso
46%
Distruggere Distrutto
45%
Esistere Esistito
45%
Nascondere Nascosto
45%
Muovere Mosso
44%
Giungere Giunto
40%
Piangere Pianto
40%
Risolvere Risolto
40%
Escludere Escluso
38%
Insistere Insistito
38%
Distinguere Distinto
33%
Dirigere Diretto
25%
Spegnere Spento
23%
Concludere Concluso
17%
Bere Bevudo
14%
Tradurre Tradotto
14%
Aucun quiz correspondant
Distribution des résultats
% des personnes avec chaque résultat
Percentile par nombre de réponses
Votre historique - résultats
Vous n’avez pas pris ce quiz